LEADER 00882nam0-22002771i-450- 001 990000876690403321 005 20001010 035 $a000087669 035 $aFED01000087669 035 $a(Aleph)000087669FED01 035 $a000087669 100 $a20001010d--------km-y0itay50------ba 101 0 $aita 105 $ay-------001yy 200 1 $aAtti del Convegno Internazionale sul Terremoto del Friuli, Udine 4-5$f12$f1976 Bollettino di Geofisica Teorica ed Appli -cata Parte I - II "numero speciale" 210 $aUdine$cInd. Graf. Del Bianco$ds.d. 215 $ap.2641$cill.$dcm 27 610 0 $aFondazione 801 0$aIT$bUNINA$gRICA$2UNIMARC 901 $aBK 912 $a990000876690403321 952 $a03 F.0,57$b3468$fIINTC 959 $aIINTC 996 $aAtti del Convegno Internazionale sul Terremoto del Friuli, Udine 4-5$9356002 997 $aUNINA DB $aING01 LEADER 01361nam 2200349Ia 450 001 996393838803316 005 20221107143757.0 035 $a(CKB)3450000000100273 035 $a(EEBO)2240914848 035 $a(OCoLC)9920486400971 035 $a(EXLCZ)993450000000100273 100 $a19950918d1605 uy | 101 0 $aeng 135 $aurbn||||a|bb| 200 10$aBy the King$b[electronic resource] $ea proclamation to redresse the mis-imployment of lands, goods, and other things giuen for charitable vses 210 $aImprinted at London $cBy Robert Barker, Printer to the Kings most Excellent Maiestie$dAnno Dom. 1605 215 $a2 leaves 300 $a"Giuen at his Maiesties Castle of Rockingham the xi. of August 1605. in the third yeere of his Maiesties Reigne of Great Britaine, France and Ireland." 300 $aImprint from colophon. 300 $aReproduction of original in: Society of Antiquaries. 330 $aeebo-0147 606 $aCharitable uses, trusts, and foundations$zGreat Britain 607 $aGreat Britain$xHistory$yJames I, 1603-1625 615 0$aCharitable uses, trusts, and foundations 701 $aJames$cKing of England,$f1566-1625.$01001019 801 0$bEBK 801 1$bEBK 801 2$bWaOLN 906 $aBOOK 912 $a996393838803316 996 $aBy the King$92299281 997 $aUNISA LEADER 01196nam 2200337Ka 450 001 9910694880803321 005 20060222111040.0 035 $a(CKB)5470000002364899 035 $a(OCoLC)64196587 035 $a(EXLCZ)995470000002364899 100 $a20060222d1999 ua 0 101 0 $aeng 181 $ctxt$2rdacontent 182 $cc$2rdamedia 183 $acr$2rdacarrier 200 10$aConquering diabetes$b[electronic resource] $ea strategic plan for the 21st century report summary and recommendations /$fDiabetes Research Working Group 210 1$aBethesda, MD :$cU.S. National Institute of Diabetes & Digestive & Kidney Diseases of the National Institutes of Health,$d[1999] 215 $a1 electronic text : $b HTML file 300 $aTitle from title screen (viewed on Feb. 21, 2006). 517 $aConquering diabetes 606 $aDiabetes 606 $aDiabetes$xResearch 615 0$aDiabetes. 615 0$aDiabetes$xResearch. 712 02$aNational Institute of Diabetes and Digestive and Kidney Diseases (U.S.) 801 0$bGPO 801 1$bGPO 906 $aBOOK 912 $a9910694880803321 996 $aConquering diabetes$93428946 997 $aUNINA